A first course in probability / (Record no. 30372)

000 -LEADER
fixed length control field 00915 a2200193 4500
020 ## - INTERNATIONAL STANDARD BOOK NUMBER
International Standard Book Number 7115209545 (paperback)
020 ## - INTERNATIONAL STANDARD BOOK NUMBER
International Standard Book Number 9787115209542 (paperback)
082 ## - DEWEY DECIMAL CLASSIFICATION NUMBER
Classification number 519.2
090 ## - LOCALLY ASSIGNED LC-TYPE CALL NUMBER (OCLC); LOCAL CALL NUMBER (RLIN)
-- 1765
-- 1765
100 1# - MAIN ENTRY--PERSONAL NAME
Personal name Ross, Sheldon M.
245 12 - TITLE STATEMENT
Title A first course in probability /
Statement of responsibility, etc. Sheldon M. Ross.
250 ## - EDITION STATEMENT
Edition statement 8th International Edition.
260 ## - PUBLICATION, DISTRIBUTION, ETC.
Place of publication, distribution, etc. [S.l.] :
Name of publisher, distributor, etc. Prentice Hall,
Date of publication, distribution, etc. 2009.
300 ## - PHYSICAL DESCRIPTION
Extent 530 p. ;
Dimensions 24 cm.
520 ## - SUMMARY, ETC.
Summary, etc. 8th International Edition of "A First Course in Probability" by Sheldon M. Ross. There are Chinese characters on the cover, the first few pages, and the last page, but all text is in English.
942 ## - ADDED ENTRY ELEMENTS (KOHA)
Institution code [OBSOLETE] SNS
Koha item type Book
Call number prefix 519.2 ROS
Holdings
Withdrawn status Lost status Source of classification or shelving scheme Damaged status Not for loan Permanent Location Current Location Shelving location Date acquired Total Checkouts Total Renewals Full call number Barcode Date last seen Date last checked out Price effective from Koha item type
        Not For Loan School of Natural Sciences (SNS) School of Natural Sciences (SNS) Reference 05/26/2016 1 1 519.2 ROS SNS0002066 11/13/2019 09/18/2019 05/26/2016 Book
          School of Natural Sciences (SNS) School of Natural Sciences (SNS)   05/26/2016 1   519.2 ROS SNS0002067 01/29/2025 10/10/2024 05/26/2016 Book
© 2023 Central Library, National University of Sciences and Technology. All Rights Reserved.